| 000 | 00870cab a2200277 4500 | ||
|---|---|---|---|
| 001 | ABS47615 | ||
| 008 | 090401t1992 xxu||||| |||| 00| 0 eng d | ||
| 035 | _a(Sirsi) u62647 | ||
| 041 | _aeng | ||
| 100 | _aWilliams, C.C. | ||
| 245 | _aImpacts of regional shopping centres : myths and realities | ||
| 260 | _c1992 | ||
| 350 | _a0 | ||
| 490 |
_aThe Planner _v78(22) 11 December 1992, 8-10(3) |
||
| 520 | _aThe article questions some the reasons why regional shopping centres are currently unpopular and identifies some positive aspects. | ||
| 650 | _aCITY CENTRES | ||
| 650 | _aEMPLOYMENT | ||
| 650 | _aOUT-OF-TOWN SHOPPING CENTRES | ||
| 650 | _aREGIONAL SHOPPING CENTRES | ||
| 650 | _aSHOPPING CENTRES | ||
| 650 | _aTOWN CENTRE | ||
| 650 | _aTRANSPORT | ||
| 690 | _aPROPERTY-COMMERCIAL PROPERTY-RETAIL PROPERTY | ||
| 942 | _n0 | ||
| 948 | _c04/03/1997 | ||
| 999 |
_c38902 _d38902 |
||